00342nam a2200121 a 4500008004100000020001500041050001600056100002100072245006400093260003200157300002200189350000900211120416s0000 ||||||||||||||||| || u a0023636106 aTK 5101 Kil aKillen, Harold B10aSolutions manual modern electronic communication techniques aNew YorkbMcGraw-Hillc1985 a(iv), 151p. : ill a0.00